Statistics for 「一回だけ使用されている文字」北海道編 平成の大合併前版

Click here to take the quiz!

General Stats

  • This quiz has been taken 73 times
  • The average score is 35 of 41

Answer Stats

文字支庁名解答欄% Correct
空知夕張市
100%
網走網走市
100%
留萌留萌市
100%
宗谷稚内市
100%
空知美唄市
100%
網走紋別市
100%
十勝帯広市
100%
後志倶知安町
100%
後志小樽市
98%
上川美瑛町
98%
後志ニセコ町
97%
胆振洞爺村
97%
上川音威子府村
94%
檜山江差町
94%
石狩恵庭市
92%
網走斜里町
92%
十勝新得町
90%
宗谷猿払村
89%
日高えりも町
89%
後志共和町
87%
空知妹背牛町
85%
釧路弟子屈町
85%
釧路標茶町
85%
十勝大樹町
85%
日高様似町
85%
胆振鵡川町
84%
十勝幕別町
84%
十勝芽室町
84%
後志京極町
84%
網走訓子府町
84%
空知雨竜町
82%
上川剣淵町
81%
釧路白糠町
81%
胆振壮瞥町
79%
留萌初山別村
79%
十勝豊頃町
77%
胆振虻田町
76%
檜山乙部町
73%
十勝忠類村
56%
渡島椴法華村
55%
網走東藻琴村
42%

Score Distribution

Percentile by Number Answered

Percent of People with Each Score

Your Score History

You have not taken this quiz